O barco aberto | Três soldados miraculosos (Registo nº 51231)

Detalhes MARC
000 -Etiqueta do registo
campo de controlo de comprimento fixo 007860000a22002410004500
001 - Identificador do registo
Campo de controlo 51231
010 ## - ISBN
Número (ISBN) 978-989-552-387-0
021 ## - Nº depósito legal
Código do país Portugal
Número 279250/08
100 ## - Dados Gerais de Proc.
Dados gerais de processamento 20110106d2011 k y0pory5003 ba
101 0# - Língua da publicação
Língua do texto, banda sonora, etc. Português
102 ## - País de Publicação
País de publicação Portugal
200 1# - Título
Título próprio O barco aberto
-- Três soldados miraculosos
Primeira menção de responsabilidade Stephen Crane
Outras menções de responsabilidade trad. de Vasco Gato
210 ## - Publicação, Distribuição
Lugar da edição, distribuição, etc. Vila Nova de Famalicão
Nome do editor, distribuidor, etc. Quasi
Data da publicação, distribuição, etc. 2008
215 ## - Descrição física
Descrição física 93 p.
Dimensões 19 cm
304 ## - Título e responsabilidade
Texto da nota Título original: The open boat / Three miraculous soldiers
606 ## - Nome comum
Elemento de entrada Literatura estrangeira
Subdivisão de assunto Conto
675 ## - CDU
Notação 821.111(73)-34
Edição BN
Língua da edição Português
700 #1 - Responsabilidade principal
Palavra de ordem Crane
Outra parte do nome Stephen
Datas 1871-1900
702 #1 - Responsabilidade secundária
Koha Internal Code 21578
Código de função Tradutor
Palavra de ordem Gato
Outra parte do nome Vasco
801 ## - Fonte de origem
País Portugal
Data da última transacção 20110106
090 ## - Números de controlo do sistema (Koha)
Número biblioitem do Koha (gerado automaticamente) 51231
942 ## - Elementos de entrada adicionados (Koha)
Tipo de item no Koha Monografias
Suprimido Disponível no OPAC
999 ## - Campo local
Campo local 51231
Exemplares
Removido (estado) Perdido (estado) Data de aquisição Origem do registo (biblioteca) (codificado) Código da organização que empresta ou é detentora (biblioteca) Código de barras Número de inventário Cota Tipo de circulação (não pode ser emprestado) Tipo de item e material
Disponível Disponível 2011-01-06 Biblioteca EB23 D. Paio Peres Correia Biblioteca EB23 D. Paio Peres Correia BEBDPPC5827 5827 82.03-34 CRA Normal Monografias